| 000 | 01728nam a22002657a 4500 | ||
|---|---|---|---|
| 003 | Uzh_bibl | ||
| 008 | 260429b |||||||| |||| 00| 0 ukr d | ||
| 020 |
_a966-7492-01-Х _c50.00 |
||
| 040 | _bукр. | ||
| 041 |
_2ukr _aukr |
||
| 080 | _a340.12 | ||
| 090 |
_a340.12 _bЮ70 |
||
| 100 | _a- | ||
| 245 |
_aЮридична енциклопедія в 6 томах _cРедкол. Ю.С.Шемшученко _hТекст |
||
| 260 |
_aКиїв _b"Українська енциклопедія" імені М.П.Бажана _c1998 |
||
| 300 |
_a672 с. _bіл. _fВ опр. |
||
| 490 | _vТ.1 | ||
| 520 | _aЮридична енциклопедія - перший в Україні багатотомний систематизований звіт знань про державу і право. Видання охоплює усі галузі права. Висвітлює внесок української та зарубіжної науки у розвиток юриспруденції, відображає світову та національну історію державотворення, діяльність правових інституцій. Розкриваються процеси державної і правової розбудови сучасної України. У першому томі подано 1659 статей, карти та ілюстрований матеріал. | ||
| 521 | _aДля широкого кола читачів | ||
| 546 | _aукр. | ||
| 650 | _aДовідкове видання | ||
| 653 |
_aІсторія _aРозвиток _aНаука |
||
| 655 |
_aДовідкова література _vКарти _vСтатті |
||
| 942 |
_2udc _cBK |
||
| 999 |
_c17557 _d17557 |
||